000 00646nam a22002417a 4500
005 20230211095043.0
008 230211b ||||| |||| 00| 0 eng d
040 _cAL
041 _aeng
082 _223
_a032.02
_bNATQ
100 _aRamesh Natarajan
_971949
245 _aQuotation quiz
260 _aNew Delhi
_bRupa & Co
_c1994
300 _a158p.
_bPB
_c18x11cm.
365 _2Others
_b40.00
_c
_d40.00
650 _aWomen
_971943
650 _aAlien Quotes
_971944
650 _aMilitary and War
_971945
650 _aMoney Matters
_971946
650 _aBook Titles
_971947
700 _aNATARAJAN (Ramesh)
_971948
942 _2ddc
_cDB
999 _c226667
_d226667